Veto message relating to reimbursement of Edward B. Wheeler and the State Investment Co. Letter from the Secretary of the Senate transmitting a message from the President of the United States returning without approval the bill (S. 1724) entitled "an act authorizing the reimbursement of Edward B. Wheeler and the State Investment Co. for the loss of certain lands in the Mora Grant, N.Mex."

Bibliographic Details
Corporate Authors: United States. Congress. Senate. Committee on Public Lands and Surveys, ProQuest (Firm)
Format: eBook
Language:English
Published: Washington : [publisher not identified], 1934.
Series:United States congressional serial set.
Subjects:
Online Access:Connect to the full text of this electronic book

MARC

Tag First Indicator Second Indicator Subfields
LEADER 00000cam a22000001a 4500
001 in00003143345
005 20190402202031.0
006 m o d
007 cr un mmmapmmp
008 071211s1934 dcu o f000 0 eng d
035 |a cis2004186951 
040 |a UMI  |c UMI  |d UtOrBLW 
043 |a n-us--- 
099 |a ProQuest Serial Set Number 9801 S.doc.154 
110 1 |a United States.  |b Congress.  |b Senate.  |b Committee on Public Lands and Surveys. 
245 1 0 |a Veto message relating to reimbursement of Edward B. Wheeler and the State Investment Co. Letter from the Secretary of the Senate transmitting a message from the President of the United States returning without approval the bill (S. 1724) entitled "an act authorizing the reimbursement of Edward B. Wheeler and the State Investment Co. for the loss of certain lands in the Mora Grant, N.Mex." 
246 1 |a Veto message relating to reimbursement of Edward B. Wheeler and State Investment Company 
264 1 |a Washington :  |b [publisher not identified],  |c 1934. 
300 |a 1 online resource. 
336 |a text  |b txt  |2 rdacontent 
337 |a computer  |b c  |2 rdamedia 
338 |a online resource  |b cr  |2 rdacarrier 
490 0 |a S.doc.154 
500 |a Record is based on bibliographic data in ProQuest U.S. Serial Set Digital Collection (last viewed Dec. 2007). Reuse except for individual research requires license from ProQuest, LLC. 
510 3 |a ProQuest U.S. Serial Set Digital Collection 
500 |a Electronic resource. 
610 1 0 |a United States.  |b Congress  |v Private bills. 
650 0 |a Bills, Private  |z United States. 
651 0 |a United States  |x Claims. 
655 7 |a Electronic books.  |2 local 
710 2 |a ProQuest (Firm) 
830 0 |a United States congressional serial set. 
856 4 0 |u http://proxy.library.tamu.edu/login?url=http://congressional.proquest.com/congcomp/getdoc?SERIAL-SET-ID=9801+S.doc.154  |z Connect to the full text of this electronic book  |t 0 
999 |a MARS 
999 f f |s e377e9b2-0ad9-3b32-80f8-b8632b58bf82  |i 7ad06836-9220-3970-9e7e-f064d2dc1ab2  |t 0 
952 f f |a Texas A&M University  |b College Station  |c Electronic Resources  |d Available Online  |t 0  |e ProQuest Serial Set Number 9801 S.doc.154  |h Other scheme 
998 f f |a ProQuest Serial Set Number 9801 S.doc.154  |t 0  |l Available Online